| 000 | 00579nam a2200181 i 4500 | ||
|---|---|---|---|
| 001 | 93116 | ||
| 003 | ES-MaACL | ||
| 005 | 20250827235007.0 | ||
| 007 | t| | ||
| 008 | 050407s1984 sp ||||1| spa d | ||
| 100 | 1 |
_aLomba Fuentes, Joaquín. _973174 |
|
| 245 | 1 | 3 |
_aEl pensamiento de Camón Aznar / _cJoaquin Lomba Fuentes. |
| 260 |
_a[Zaragoza : _bMuseo e Instituto de Humanidades "Camón Aznar", _c1984] |
||
| 300 |
_a432 p. ; _c22 cm. |
||
| 710 | 2 |
_aMuseo e Instituto de Humanidades "Camón Aznar" _95875 |
|
| 852 |
_aES-MaACL _jL-6300 _bR.106576 |
||
| 999 |
_c93116 _d93116 |
||